| 000 | 01964cam a2200469 i 4500 | ||
|---|---|---|---|
| 001 | data | ||
| 005 | 20260322212110.0 | ||
| 008 | data | ||
| 035 | _a22770683 | ||
| 906 |
_a7 _bcbc _ccopycat _d2 _encip _f20 _gy-gencatlg |
||
| 925 | 0 |
_aacquire _b1 shelf copy _xpolicy default |
|
| 010 | _a 2022303639 | ||
| 015 |
_aGBC1A1254 _2bnb |
||
| 016 | 7 |
_a020240305 _2Uk |
|
| 020 |
_a9780310115960 _q(pbk.) |
||
| 020 |
_a0310115965 _q(pbk.) |
||
| 020 | _z9780310115984 (ebook) | ||
| 035 | _a(OCoLC)1259526563 | ||
| 040 |
_aUKMGB _beng _cUKMGB _erda _dDLC _dOCLCF _dXBE _dMIPRT _dDTM _dOCLCO _dOCLCA _dIMD _dOCLCO _dDLC |
||
| 042 | _alccopycat | ||
| 050 | 0 | 0 |
_aBR150 _b.S52 2020 |
| 082 | 0 | 4 |
_a270 _223 |
| 100 | 1 |
_aShelley, Bruce L. _q(Bruce Leon), _d1927-2010, _eauthor. |
|
| 245 | 1 | 0 |
_aChurch history in plain language / _cBruce L. Shelley. |
| 250 |
_aFifth edition. / _brevised by Marshall Shelley. |
||
| 264 | 1 |
_aGrand Rapids : _bZondervan Academic, _c[2020] |
|
| 264 | 4 | _c©2020 | |
| 300 |
_axx, 596 pages : _billustrations, maps ; _c23 cm |
||
| 336 |
_atext _btxt _2rdacontent |
||
| 336 |
_astill image _bsti _2rdacontent |
||
| 337 |
_aunmediated _bn _2rdamedia |
||
| 338 |
_avolume _bnc _2rdacarrier |
||
| 504 | _aIncludes bibliographical references and indexes. | ||
| 505 | 0 | _aThe age of Jesus and the apostles, 6BC - AD 70 -- The age of Catholic Christianity, 70-312 -- The age of the Christian Roman Empire, 312-590 -- The Christian middle ages, 590-1517 -- The age of the Reformation, 1517-1648 -- The age of reason and revival, 1648-1789 -- The age of progress, 1789-1914 -- The age of ideologies, 1914-1989 -- The age of technology and the Spirit, 1990-. | |
| 650 | 0 | _aChurch history. | |
| 650 | 6 |
_aÉglise _xHistoire. |
|
| 650 | 7 |
_achurch history. _2aat |
|
| 650 | 7 |
_aChurch history. _2fast _0(OCoLC)fst00860740 |
|
| 700 | 1 |
_aShelley, Marshall, _eeditor. |
|
| 776 | 0 | 8 |
_iebook version : _z9780310115984 |
| 999 |
_c1641 _d1641 |
||